000 00666nam a22002417a 4500
005 20170124105922.0
010 _a446594
020 _c00
035 _a446594
037 _bCen Lib/Ret
040 _aDPL
_bEN
082 _a350
_bGLA
100 _aGladden, E.N.
_94732
245 _aApproach to public administration /
_cby E.N. Gladden
246 _b
260 _bSteples Press
_c1966
_aLondon
270 _bLondon
300 _a190p.
_c20cm(Hb)
500 _aIncludes bibliographical references and index
650 _aPublic administration
_94733
650 _aManagement & Organization
_94734
942 _2ddc
_cEN
_h350
_mGLA
999 _c123203
_d123203